[Event "Bangkok Big Rook op 5th"]
[Site "Bangkok"]
[Date "2025.05.09"]
[Round "6"]
[White "Laylo, Darwin"]
[Black "Xie, Chujun"]
[Result "1-0"]
[WhiteElo "2390"]
[BlackElo "1848"]
[PlyCount "91"]
[EventDate "2025.05.07"]
[EventType "swiss"]
[EventRounds "9"]
[EventCountry "THA"]
[SourceTitle "CB20_2025"]
[SourceDate "2025.05.14"]
[SourceVersion "1"]
[SourceVersionDate "2025.05.14"]
[SourceQuality "1"]

1. d4 Nf6 2. Nf3 d5 3. c4 e6 4. Nc3 Be7 5. cxd5 exd5 6. Bf4 c6 7. e3 0-0 8. Bd3 Nbd7 9. Qc2 Re8 10. h3 Nf8 11. 0-0 Bd6 12. Bxd6 Qxd6 13. Rab1 a5 14. a3 Be6 15. Na4 N8d7 16. Nc5 b6 17. Nxd7 Bxd7 18. Rfc1 Rec8 19. Ne5 g6 20. b4 axb4 21. axb4 c5 22. bxc5 bxc5 23. Nxd7 Nxd7 24. dxc5 Nxc5 25. Bf1 Qf6 26. Rb5 Ne4 27. Qxc8+ Rxc8 28. Rxc8+ Kg7 29. Rc2 Qd6 30. Bd3 Qe5 31. Bxe4 Qa1+ 32. Kh2 dxe4 33. Rd5 Qf6 34. Rd4 Qe7 35. Rcc4 f5 36. Rd5 h5 37. Rc6 h4 38. Ra5 Kh7 39. Raa6 Qe5+ 40. Kg1 f4 41. exf4 Qxf4 42. Rc4 Qe5 43. Raa4 e3 44. Ra7+ Kh6 45. Rxh4+ Kg5 46. f4+ 1-0

[Event "Titled Tuesday intern op 24th Oct Early"]
[Site "Chess.com INT"]
[Date "2023.10.24"]
[Round "9"]
[White "Xu, Xiangyu"]
[Black "Laylo, Darwin"]
[Result "1-0"]
[WhiteElo "2626"]
[BlackElo "2433"]
[PlyCount "51"]
[EventDate "2023.10.24"]
[EventType "swiss (blitz)"]
[EventRounds "11"]
[EventCountry "USA"]
[SourceTitle "EXT 2025"]
[Source "ChessBase"]
[SourceDate "2024.10.14"]
[SourceVersion "1"]
[SourceVersionDate "2024.10.14"]
[SourceQuality "1"]

1. d4 d5 2. c4 c6 3. cxd5 cxd5 4. Nc3 Nc6 5. Bg5 h6 6. Bh4 Nf6 7. e3 e6 8. Bd3 Be7 9. Nf3 a6 10. Rc1 Na5 11. Ne5 b5 12. 0-0 Bb7 13. a4 b4 14. Ne2 Ne4 15. Bxe7 Qxe7 16. Bxe4 dxe4 17. Rc5 Qd8 18. Qe1 Qb6 19. Nf4 Rd8 20. Qe2 0-0 21. Qh5 Nc6 22. a5 Nxa5 23. Ng4 Nb3 24. Nxh6+ gxh6 25. Qxh6 f5 26. Nxe6 1-0

[Event "Kuala Lumpur op 18th"]
[Site "Kuala Lumpur"]
[Date "2023.09.03"]
[Round "9"]
[White "Laylo, Darwin"]
[Black "Sivuk, Vitaly"]
[Result "1/2-1/2"]
[WhiteElo "2426"]
[BlackElo "2461"]
[PlyCount "30"]
[EventDate "2023.08.28"]
[EventType "swiss"]
[EventRounds "9"]
[EventCountry "MAS"]
[SourceTitle "EXT 2024"]
[Source "ChessBase"]
[SourceDate "2023.10.10"]
[SourceVersion "1"]
[SourceVersionDate "2023.10.10"]
[SourceQuality "1"]

1. d4 Nf6 2. c4 e6 3. Nf3 d5 4. Nc3 Bb4 5. Bg5 h6 6. Bxf6 Qxf6 7. e3 0-0 8. Rc1 dxc4 9. Bxc4 c5 10. a3 Bxc3+ 11. Rxc3 Rd8 12. Rd3 cxd4 13. Rxd4 Nc6 14. Rxd8+ Qxd8 15. Qxd8+ Nxd8 1/2-1/2

[Event "Kuala Lumpur op 18th"]
[Site "Kuala Lumpur"]
[Date "2023.09.02"]
[Round "8"]
[White "Mitrabha, Guha"]
[Black "Laylo, Darwin"]
[Result "1-0"]
[WhiteElo "2515"]
[BlackElo "2426"]
[PlyCount "42"]
[EventDate "2023.08.28"]
[EventType "swiss"]
[EventRounds "9"]
[EventCountry "MAS"]
[SourceTitle "EXT 2024"]
[Source "ChessBase"]
[SourceDate "2023.10.10"]
[SourceVersion "1"]
[SourceVersionDate "2023.10.10"]
[SourceQuality "1"]

1. Nf3 Nf6 2. c4 c6 3. Nc3 d5 4. e3 g6 5. Be2 Bg7 6. d4 0-0 7. 0-0 a6 8. a4 b6 9. b3 Ne4 10. Bb2 Nxc3 11. Bxc3 Nd7 12. a5 b5 13. cxd5 cxd5 14. Ne1 e5 15. dxe5 Nxe5 16. Qd2 Be6 17. Qb2 f6 18. Nc2 Rc8 19. Nd4 Bf7 20. Bb4 Re8 21. Rfc1 Qd7 1-0

[Event "Asia zt 3.3"]
[Site "Jakarta"]
[Date "2023.05.12"]
[Round "9"]
[White "Amilal, Munkhdalai"]
[Black "Laylo, Darwin"]
[Result "1-0"]
[WhiteElo "2141"]
[BlackElo "2444"]
[PlyCount "73"]
[EventDate "2023.05.06"]
[EventType "swiss"]
[EventRounds "9"]
[EventCountry "INA"]
[SourceTitle "CBM 214 Extra"]
[Source "ChessBase"]
[SourceDate "2023.07.31"]
[SourceVersion "1"]
[SourceVersionDate "2023.07.31"]
[SourceQuality "1"]

1. e4 c6 2. Nc3 d5 3. Nf3 Nf6 4. e5 Ne4 5. d4 e6 6. Bd3 Nxc3 7. bxc3 h6 8. 0-0 c5 9. c4 Nc6 10. cxd5 exd5 11. c3 Bg4 12. h3 Be6 13. Rb1 Qd7 14. Be3 c4 15. Bc2 g5 16. Nh2 Be7 17. Qh5 0-0-0 18. Ng4 Rdg8 19. Kh1 Nd8 20. Nh2 Qc7 21. Bd2 Kb8 22. Rbe1 Qa5 23. a4 Nc6 24. Re2 Qa6 25. g3 Na5 26. f4 f5 27. g4 Rf8 28. gxf5 Bxf5 29. Bxf5 Rxf5 30. fxg5 Rxf1+ 31. Nxf1 Rf8 32. g6 Rg8 33. Rg2 Nb3 34. Bxh6 Nxd4 35. cxd4 c3 36. Qf5 Ba3 37. Ne3 1-0

[Event "Asia zt 3.3"]
[Site "Jakarta"]
[Date "2023.05.07"]
[Round "2"]
[White "Laylo, Darwin"]
[Black "Tan, Jun Ying"]
[Result "1/2-1/2"]
[WhiteElo "2444"]
[BlackElo "2307"]
[PlyCount "138"]
[EventDate "2023.05.06"]
[EventType "swiss"]
[EventRounds "9"]
[EventCountry "INA"]
[SourceTitle "CBM 214 Extra"]
[Source "ChessBase"]
[SourceDate "2023.07.31"]
[SourceVersion "1"]
[SourceVersionDate "2023.07.31"]
[SourceQuality "1"]

1. d4 d5 2. Nf3 c6 3. c4 Nf6 4. Qb3 dxc4 5. Qxc4 Bf5 6. g3 e6 7. Bg2 Nbd7 8. 0-0 Be7 9. Nbd2 0-0 10. e3 Rc8 11. Qe2 c5 12. e4 Bg6 13. h3 Bh5 14. g4 Bg6 15. Rd1 Qc7 16. b3 Rfe8 17. Bb2 Qb8 18. Rac1 cxd4 19. Bxd4 e5 20. Bb2 Bc5 21. Nh4 Bd4 22. Rxc8 Qxc8 23. Nc4 Qc5 24. Ba3 Qb5 25. Nf5 Bxf5 26. exf5 Nb6 27. Bf3 Nxc4 28. Qxc4 Qxc4 29. bxc4 g5 30. Bxb7 Rb8 31. Bd5 h5 32. Bf3 hxg4 33. hxg4 Rc8 34. Bc1 Rxc4 35. Bxg5 Kg7 36. Kg2 Nd7 37. Rc1 Rxc1 38. Bxc1 f6 39. Be4 Nc5 40. f3 Na4 41. Kh3 Nc3 42. a3 Ne2 43. Bd2 Nf4+ 44. Kg3 Kh6 45. a4 Kg5 46. a5 Bc5 47. Be1 Kh6 48. Bf2 Bxf2+ 49. Kxf2 Kg7 50. Ke3 Kf7 51. Bc2 Ke7 52. Ke4 Kd6 53. g5 fxg5 54. f6 Ke6 55. f7 Kxf7 56. Kxe5 Ke7 57. a6 Ne2 58. Bd3 Ng1 59. Be4 Ne2 60. Kf5 Nd4+ 61. Kxg5 Nxf3+ 62. Bxf3 Kd6 63. Kf6 Kc7 64. Ke7 Kb8 65. Kd6 Kc8 66. Be4 Kb8 67. Kc6 Kc8 68. Bf5+ Kb8 69. Kd7 Ka8 1/2-1/2

[Event "ASEAN-ch"]
[Site "Quezon City"]
[Date "2023.02.14"]
[Round "5"]
[White "Laylo, Darwin"]
[Black "Megaranto, Susanto"]
[Result "1/2-1/2"]
[WhiteElo "2433"]
[BlackElo "2533"]
[PlyCount "26"]
[EventDate "2023.02.11"]
[EventType "tourn"]
[EventRounds "11"]
[EventCountry "PHI"]
[EventCategory "6"]
[SourceTitle "CBM 212 Extra"]
[Source "ChessBase"]
[SourceDate "2023.03.31"]
[SourceVersion "1"]
[SourceVersionDate "2023.03.31"]
[SourceQuality "1"]

1. d4 Nf6 2. Nf3 e6 3. c4 Bb4+ 4. Bd2 Qe7 5. g3 Nc6 6. Bg2 Bxd2+ 7. Nbxd2 d6 8. 0-0 a5 9. Qc2 Nb4 10. Qd1 Nc6 11. Qc2 Nb4 12. Qd1 Nc6 13. Qc2 Nb4 1/2-1/2

[Event "Manny Pacquiao op"]
[Site "General Santos City"]
[Date "2022.12.14"]
[Round "4"]
[White "Laylo, Darwin"]
[Black "Nolte, Rolando"]
[Result "1/2-1/2"]
[WhiteElo "2435"]
[BlackElo "2387"]
[PlyCount "37"]
[EventDate "2022.12.13"]
[EventType "swiss"]
[EventRounds "9"]
[EventCountry "PHI"]
[SourceTitle "EXT 2024"]
[Source "ChessBase"]
[SourceDate "2023.10.10"]
[SourceVersion "1"]
[SourceVersionDate "2023.10.10"]
[SourceQuality "1"]

1. d4 Nf6 2. c4 g6 3. f3 Bg7 4. e4 d6 5. Nc3 0-0 6. Be3 e5 7. Nge2 c6 8. Qd2 Nbd7 9. d5 cxd5 10. cxd5 a6 11. Ng3 b5 12. Be2 h5 13. 0-0 h4 14. Nh1 Nh5 15. Bg5 Bf6 16. Bh6 Bg7 17. Bg5 Bf6 18. Bh6 Bg7 19. Bg5 1/2-1/2

[Event "Manny Pacquiao op"]
[Site "General Santos City"]
[Date "2022.12.14"]
[Round "3"]
[White "Morado, Jeth Romy"]
[Black "Laylo, Darwin"]
[Result "1/2-1/2"]
[WhiteElo "2212"]
[BlackElo "2435"]
[PlyCount "225"]
[EventDate "2022.12.13"]
[EventType "swiss"]
[EventRounds "9"]
[EventCountry "PHI"]
[SourceTitle "EXT 2024"]
[Source "ChessBase"]
[SourceDate "2023.10.10"]
[SourceVersion "1"]
[SourceVersionDate "2023.10.10"]
[SourceQuality "1"]

1. e4 d5 2. exd5 Nf6 3. Bb5+ Bd7 4. Be2 Nxd5 5. d4 e6 6. Nf3 c5 7. c4 Nf6 8. 0-0 cxd4 9. Nxd4 Nc6 10. Be3 Be7 11. Nc3 0-0 12. Qb3 Na5 13. Qc2 Rc8 14. b3 a6 15. Qb2 Bd6 16. h3 Qe7 17. a4 e5 18. Nc2 e4 19. Rfd1 Nc6 20. Bf1 h6 21. Rd2 Ne5 22. Rad1 Bb8 23. Qa3 Qe8 24. Bc5 Bxh3 25. Bxf8 Nf3+ 26. gxf3 Qe5 27. Bd6 Qg5+ 28. Kh2 Bxf1 29. Ne3 exf3 30. Bxb8 Ng4+ 31. Kg1 Nxe3+ 32. Bg3 Nxd1 33. Rxd1 Be2 34. Re1 Qg4 35. Nxe2 Re8 36. Qc1 fxe2 37. Qf4 Qe6 38. Qd6 Qe4 39. Qd5 Qe7 40. c5 Qf6 41. Qd3 Qe7 42. Qd5 Qf6 43. f3 Qc3 44. Kf2 Qe3+ 45. Kg2 Re6 46. b4 Rg6 47. Kh2 h5 48. Qe4 Qg5 49. Qe5 Qd2 50. Rxe2 Qxb4 51. Bf2 Qb3 52. Qb8+ Kh7 53. Re8 Rg5 54. Rh8+ Kg6 55. Qd6+ f6 56. Qf4 Rf5 57. Qe4 Qxf3 58. Qxf3 Rxf3 59. Kg2 Rd3 60. Rb8 Rd7 61. Bg3 Kf5 62. Bd6 g5 63. a5 h4 64. Kh3 Rg7 65. Rh8 Kg6 66. Kg4 f5+ 67. Kh3 Rh7 68. Rg8+ Kf6 69. Rf8+ Ke6 70. Re8+ Kd7 71. Re5 g4+ 72. Kh2 h3 73. Kh1 Rf7 74. Re2 Kc6 75. Rb2 Kd5 76. Rb4 Rg7 77. Kh2 Rh7 78. Rb1 Ke4 79. Re1+ Kd3 80. Rf1 Rf7 81. Kg3 Kc4 82. Rb1 Rh7 83. Kh2 Rg7 84. Kg3 Rf7 85. Rb2 Rh7 86. Kh2 Kd4 87. Rb1 Ke4 88. Re1+ Kd3 89. Rb1 Rf7 90. Kg3 Rg7 91. Rf1 Rh7 92. Kh2 Rh5 93. Rd1+ Ke3 94. Rb1 Rh7 95. Re1+ Kd2 96. Rf1 Rf7 97. Kg3 Kc2 98. Kf4 Kb3 99. Rh1 Ka4 100. Kg5 Rg7+ 101. Kf6 Rg8 102. Kf7 Rh8 103. Kf6 Kxa5 104. Kxf5 Rg8 105. Rg1 Kb5 106. Rxg4 Rxg4 107. Kxg4 h2 108. Bxh2 Kxc5 109. Kf3 Kc4 110. Ke2 Kc3 111. Kd1 Kb2 112. Be5+ Kb1 113. Kd2 1/2-1/2

[Event "Titled Tuesday intern op 06th Dec Early"]
[Site "Chess.com INT"]
[Date "2022.12.06"]
[Round "5"]
[White "Laylo, Darwin"]
[Black "Holt, Conrad"]
[Result "0-1"]
[WhiteElo "2435"]
[BlackElo "2540"]
[PlyCount "78"]
[EventDate "2022.12.06"]
[EventType "swiss (blitz)"]
[EventRounds "11"]
[EventCountry "USA"]
[SourceTitle "CBM 211 Extra"]
[Source "ChessBase"]
[SourceDate "2023.01.31"]
[SourceVersion "1"]
[SourceVersionDate "2023.01.31"]
[SourceQuality "1"]

1. e4 e6 2. d4 d5 3. exd5 exd5 4. c4 Bb4+ 5. Nc3 Ne7 6. Nf3 Nbc6 7. Bd2 Bg4 8. a3 Bxc3 9. Bxc3 0-0 10. h3 Bh5 11. Be2 dxc4 12. 0-0 b5 13. a4 a6 14. axb5 axb5 15. Rxa8 Qxa8 16. d5 Rd8 17. Nd4 Bxe2 18. Qxe2 Rxd5 19. Nxc6 Nxc6 20. Qf3 Rd6 21. Be5 Re6 22. Bxc7 Qe8 23. Qd5 Nb4 24. Qb7 Nd3 25. Kh2 Re1 26. Rxe1 Nxe1 27. Qb6 h6 28. Qd4 Qc6 29. Qd8+ Kh7 30. f3 Nd3 31. Qe7 Qe6 32. Qa3 b4 33. Qa4 b3 34. Qa1 Qe2 35. Qa4 Ne1 36. Kg3 Qxg2+ 37. Kf4 Qxf3+ 38. Ke5 Qg3+ 39. Kd4 Qxc7 0-1

[Event "Titled Tuesday intern op 06th Dec Early"]
[Site "Chess.com INT"]
[Date "2022.12.06"]
[Round "10"]
[White "Laylo, Darwin"]
[Black "Zhigalko, Sergei"]
[Result "0-1"]
[WhiteElo "2435"]
[BlackElo "2572"]
[PlyCount "90"]
[EventDate "2022.12.06"]
[EventType "swiss (blitz)"]
[EventRounds "11"]
[EventCountry "USA"]
[SourceTitle "CBM 211 Extra"]
[Source "ChessBase"]
[SourceDate "2023.01.31"]
[SourceVersion "1"]
[SourceVersionDate "2023.01.31"]
[SourceQuality "1"]

1. d4 Nf6 2. Nf3 e6 3. g3 b5 4. Bg2 Bb7 5. 0-0 c5 6. c3 Be7 7. a4 b4 8. Nbd2 cxd4 9. cxd4 0-0 10. Re1 d5 11. Nb3 Nbd7 12. Bf4 a5 13. Rc1 Qb6 14. Bc7 Qa6 15. Nxa5 Rfc8 16. Nxb7 Qxb7 17. Bf4 Rxc1 18. Bxc1 b3 19. Nd2 Rb8 20. e4 dxe4 21. Nxe4 Qb4 22. Nc3 Nb6 23. d5 Rd8 24. Bd2 Nc4 25. Ne4 Qxa4 26. dxe6 Nxd2 27. exf7+ Kf8 28. Ng5 Qb4 29. Ne6+ Kxf7 30. Nxd8+ Bxd8 31. Re2 Ba5 32. h3 Qd4 33. g4 Nf3+ 34. Bxf3 Qxd1+ 35. Kg2 Qd6 36. g5 Ne8 37. Re4 Bc7 38. Kf1 g6 39. Rc4 Ng7 40. Rc3 Nf5 41. Rxb3 Nd4 42. Rd3 Qe5 43. Bg4 Bb6 44. Kg2 Qxg5 45. Kf1 h5 0-1